Η Βαλκανική πόλη : 15ος - 19ος αιώνας. Κοινωνικο-οικονομική και δημογραφική ανάπτυξη
Saved in:
| Main Author: | |
|---|---|
| Format: | Book |
| Language: | Greek |
| Published: |
Αθήνα :
Θεμέλιο,
1986
|
| Series: | Ιστορική βιβλιοθήκη (Θεμέλιο)
|
| Subjects: | |
| Tags: |
Add Tag
No Tags, Be the first to tag this record!
|
MARC
| LEADER | 00000nam a2200000 i 4500 | ||
|---|---|---|---|
| 001 | 1/42551 | ||
| 008 | 960322s1986 gre d | ||
| 035 | |l 10025611 | ||
| 040 | |a GR-MY-UA |b gre |e aacr | ||
| 041 | 0 | |a gre | |
| 082 | 0 | |a 949.6 | |
| 100 | 1 | |a Todorov, Nikolaj |d 1921- | |
| 245 | 1 | 2 | |a Η Βαλκανική πόλη : |b 15ος - 19ος αιώνας. Κοινωνικο-οικονομική και δημογραφική ανάπτυξη / |c Nikolaj Todorov |
| 260 | |a Αθήνα : |b Θεμέλιο, |c 1986 | ||
| 300 | |a 2Τ | ||
| 490 | 1 | |a Ιστορική Βιβλιοθήκη (Θεμέλιο) | |
| 650 | 0 | 0 | |a City and town life |z Balkan Peninsula. |
| 650 | 0 | 0 | |a Cities and towns |z Balkan Peninsula. |
| 651 | 0 | |a Balkan Peninsula |x History. | |
| 830 | 0 | |a Ιστορική βιβλιοθήκη (Θεμέλιο) | |
| 852 | |a INST |b CHIOS |e 19960322 |h 949.6 TOD |p 005200000592 |q 005200000592 |t BK |y 0 |z v.2 | ||
| 852 | |a INST |b CHIOS |e 19960322 |h 949.6 TOD |p 005200000593 |q 005200000593 |t BK |y 0 |z v.1 | ||
| 852 | |a INST |b CHIOS |e 19960322 |h 949.6 TOD |p 005200000592 |q 005200000592 |t BK |v v.2: |y 0 |z v.2 | ||
| 852 | |a INST |b CHIOS |e 19960322 |h 949.6 TOD |p 005200000593 |q 005200000593 |t BK |v v.1: |y 0 |z v.1 | ||
| 853 | |a INST |b CHIOS |h 949.6 TOD | ||
| 909 | |a Χ |b 005717 | ||
| 909 | |a Χ |b 005718 | ||